Standard Skype Emoticons Quiz Stats

 Plays Quiz not verified by Sporcle

Challenge
Share
Tweet
Embed
Score 0/72 Timer 10:00
0 Plays Today
Hint Answer % Correct
Smile:)
100%
Sad:(
100%
Wink;)
91.7%
Laugh:D
83.3%
Crying;(
83.3%
Surprised:O
75%
Cool(cool)
50%
Kiss(kiss)
41.7%
Worried(worry)
25%
Nerdy(nerd)
25%
My lips are sealed:x
25%
Hi(wave)
25%
Facepalm(facepalm)
25%
Devil(devil)
25%
Angel(angel)
25%
In love(inlove)
16.7%
Puking(puke)
16.7%
Doh!(doh)
16.7%
Angry:@
16.7%
Party(party)
16.7%
Mmmmm...(mm)
16.7%
Envy(envy)
16.7%
Wait(wait)
16.7%
Hug(hug)
16.7%
Make-up(makeup)
16.7%
Giggle(giggle)
16.7%
Clapping(clap)
16.7%
Thinking(think)
16.7%
Rolling on the floor laughing(rofl)
16.7%
Relieved(whew)
16.7%
Happy(happy)
16.7%
Smirking(smirk)
16.7%
Nodding(nod)
16.7%
Shake(shake)
16.7%
Emo(emo)
16.7%
Yes(y)
16.7%
Hint Answer % Correct
Handshake(handshake)
16.7%
Heart(heart)
16.7%
Lalala(lalala)
16.7%
Flower(F)
16.7%
Raining(rain)
16.7%
Sun(sun)
16.7%
Tumbleweed(tumbleweed)
16.7%
Music(music)
16.7%
Bandit(bandit)
16.7%
Too much information(tmi)
16.7%
Coffee(coffee)
16.7%
Cash(cash)
16.7%
Muscle(flex)
16.7%
Beer(beer)
16.7%
Drink(D)
16.7%
Dancing(dance)
16.7%
Ninja(ninja)
16.7%
Bow(bow)
9.1%
Speechless:|
8.3%
Blushing:$
8.3%
Yawn(yawn)
8.3%
It wasn't me!(wasntme)
8.3%
Waiting(waiting)
8.3%
No(n)
8.3%
High five(highfive
8.3%
Heidy(heidy)
8.3%
Star(*)
8.3%
Sweating(:|
0%
Cheeky:P
0%
Wondering:^)
0%
Sleepy|-)
0%
Dull|-(
0%
Evil grin]:)
0%
Fingers crossed(yn)
0%
Pizza(pi)
0%
Cake(^)
0%

You're not logged in!

Compare scores with friends on all Sporcle quizzes.
OR
Log In

You Might Also Like...

Show Comments

Extras

Created Mar 29, 2014ReportNominate
Tags:chat, emotion, face, internet, standard, symbol

Top Quizzes Today


Score Distribution

Your Account Isn't Verified!

In order to create a playlist on Sporcle, you need to verify the email address you used during registration. Go to your Sporcle Settings to finish the process.

Report this User

Report this user for behavior that violates our Community Guidelines.

Details: